Logic Algebra problems / (Record no. 8067)
[ view plain ]
| 000 -LEADER | |
|---|---|
| fixed length control field | 00824nam a22002297a 4500 |
| 001 - CONTROL NUMBER | |
| control field | 8067 |
| 003 - CONTROL NUMBER IDENTIFIER | |
| control field | FISKH |
| 005 - DATE AND TIME OF LATEST TRANSACTION | |
| control field | 20250820114010.0 |
| 008 - FIXED-LENGTH DATA ELEMENTS--GENERAL INFORMATION | |
| fixed length control field | 250820b cb ||||| |||| 00| 0 eng d |
| 020 ## - INTERNATIONAL STANDARD BOOK NUMBER | |
| International Standard Book Number | 9780866515368 |
| 040 ## - CATALOGING SOURCE | |
| Original cataloging agency | FISKH |
| Language of cataloging | eng |
| Transcribing agency | FISKH |
| Modifying agency | FISKH |
| 050 ## - LIBRARY OF CONGRESS CALL NUMBER | |
| Classification number | S55 L |
| 082 ## - DEWEY DECIMAL CLASSIFICATION NUMBER | |
| Classification number | 512 |
| 100 ## - MAIN ENTRY--PERSONAL NAME | |
| Personal name | Sherard III, Wade H. |
| 245 ## - TITLE STATEMENT | |
| Title | Logic Algebra problems / |
| Statement of responsibility, etc. | By Wade H. Sherard III |
| 260 ## - PUBLICATION, DISTRIBUTION, ETC. | |
| Place of publication, distribution, etc. | London : |
| Name of publisher, distributor, etc. | Dale Seymour Publications, |
| Date of publication, distribution, etc. | 1990. |
| 300 ## - PHYSICAL DESCRIPTION | |
| Extent | 51 pages : |
| Other physical details | illustrations ; |
| Dimensions | 28 cm . |
| 520 ## - SUMMARY, ETC. | |
| Summary, etc. | 50 number puzzles encouraging problem solving & critical thinking skills for secondary students with an algebra background; each puzzle has 10 clues to help find an unknown number; answer key included |
| 700 ## - ADDED ENTRY--PERSONAL NAME | |
| Personal name | Gage, Rachel |
| Relator term | Designer and Illustrator |
| 942 ## - ADDED ENTRY ELEMENTS (KOHA) | |
| Source of classification or shelving scheme | Dewey Decimal Classification |
| Koha item type | Books |
| Suppress in OPAC | No |
| Withdrawn status | Lost status | Source of classification or shelving scheme | Damaged status | Not for loan | Home library | Current library | Shelving location | Date acquired | Total Checkouts | Full call number | Barcode | Date last seen | Price effective from | Koha item type |
|---|---|---|---|---|---|---|---|---|---|---|---|---|---|---|
| Dewey Decimal Classification | Footprints International School Library Network Toul Tom Poung Campus | Footprints International School Library Network Toul Tom Poung Campus | TTP Secondary Non-Fiction Bookshelves | 08/20/2025 | SHE 512 S55 L | 2025-4159 | 08/20/2025 | 08/20/2025 | Books |
